<?xml version="1.0" encoding="UTF-8"?>
<record
    xmlns:xsi="http://www.w3.org/2001/XMLSchema-instance"
    xsi:schemaLocation="http://www.loc.gov/MARC21/slim http://www.loc.gov/standards/marcxml/schema/MARC21slim.xsd"
    xmlns="http://www.loc.gov/MARC21/slim">

  <leader>01808nam a22001577a 4500</leader>
  <datafield tag="082" ind1=" " ind2=" ">
    <subfield code="a">629.8</subfield>
  </datafield>
  <datafield tag="100" ind1=" " ind2=" ">
    <subfield code="a">Safdar, Umair</subfield>
    <subfield code="9">129832</subfield>
  </datafield>
  <datafield tag="245" ind1=" " ind2=" ">
    <subfield code="a">Enhancing ROS 2 Security with Standardized Post-Quantum Cryptosystems /</subfield>
    <subfield code="c">Umair Safdar</subfield>
  </datafield>
  <datafield tag="264" ind1=" " ind2=" ">
    <subfield code="a">Islamabad : </subfield>
    <subfield code="b">SMME- NUST; </subfield>
    <subfield code="c">2025.</subfield>
  </datafield>
  <datafield tag="300" ind1=" " ind2=" ">
    <subfield code="a">55p.</subfield>
    <subfield code="b">Soft Copy</subfield>
    <subfield code="c">30cm</subfield>
  </datafield>
  <datafield tag="500" ind1=" " ind2=" ">
    <subfield code="a">Recent developments by NIST and the global race for a Cryptographically Relevent
Quantum Computer (CRQC) have led to an increased interest in the integration of
Post Quantum secure cryptographic algorithms to traditional applications. Despite
this interest, there has been relatively limited work in integrating these PQ secure
algorithms to industrial/robotics applications on constrained IoT devices. The existing efforts often lack comprehensive implementation, with partial integrations that
fail to fully address the application&#x2019;s security vulnerabilities against quantum adversaries. This work aims to fill this gap by fully equipping the communication middleware DDS (Data Distribution Service) of ROS 2 with the NIST standardized cryptographic algorithms. We also present the performance analysis of these PQ secure
algorithms on a constrained device and compare these results highlighting the feasibility of running PQ secure cryptographic algorithms on resource constrained IoT
devices. Overall, this work represents a step toward future-proofing robotics communication ROS 2 systems based on DDS, against the quantum threats, as well as offering insights into the feasibility of post-quantum cryptography in resource constrained
environments.</subfield>
  </datafield>
  <datafield tag="650" ind1=" " ind2=" ">
    <subfield code="a">MS Robotics and Intelligent Machine Engineering </subfield>
    <subfield code="9">119486</subfield>
  </datafield>
  <datafield tag="700" ind1=" " ind2=" ">
    <subfield code="a">Supervisor: Dr. M Saqib Nazir</subfield>
    <subfield code="9">129833</subfield>
  </datafield>
  <datafield tag="856" ind1=" " ind2=" ">
    <subfield code="u">http://10.250.8.41:8080/xmlui/handle/123456789/53688</subfield>
  </datafield>
  <datafield tag="942" ind1=" " ind2=" ">
    <subfield code="2">ddc</subfield>
    <subfield code="c">THE</subfield>
  </datafield>
  <datafield tag="999" ind1=" " ind2=" ">
    <subfield code="c">614360</subfield>
    <subfield code="d">614360</subfield>
  </datafield>
  <datafield tag="952" ind1=" " ind2=" ">
    <subfield code="0">0</subfield>
    <subfield code="1">0</subfield>
    <subfield code="4">0</subfield>
    <subfield code="7">0</subfield>
    <subfield code="a">SMME</subfield>
    <subfield code="b">SMME</subfield>
    <subfield code="c">EB</subfield>
    <subfield code="d">2025-07-15</subfield>
    <subfield code="l">0</subfield>
    <subfield code="o">629.8</subfield>
    <subfield code="p">SMME-TH-1141</subfield>
    <subfield code="r">2025-07-15</subfield>
    <subfield code="w">2025-07-15</subfield>
    <subfield code="y">THE</subfield>
  </datafield>
</record>
